000 01300cam a2200409 4500
001 22410
003 SK-KTurca
005 20260328100030.0
008 210624s2019 xo er 010 f slo
015 _aSNBA2019/04
020 _a9788055165448
_q(viazané)
035 _aA0E6DD58-AD26-4255-BBF5-142AB3B8AF65
035 _aurn:nbn:sk:snk-am3id0o
035 _aurn:nbn:sk:snk-am00e3x3
040 _aTTKJF
_bslo
_dTTKJF
_dSVKBB
_dSNK
_erda
041 1 _aslo
_heng
044 _axo
_cSK
072 7 _a821.111(73)-3
_xAmerická próza
_2konspekt
080 _a821.111(73)-31
_22011
080 _a(0:82-312.4)
_22011
100 1 _aDonlea, Charlie
_4aut
240 1 0 _aDon´t Believe It
_lSlovensky
245 1 0 _aAni omylom
_cCharlie Donlea ; preložil Milan Kopecký
264 1 _aBratislava
_bIkar
_c2019
300 _a350 strán
_c21 cm
336 _atext
_btxt
_2rdacontent
337 _abez média
_bn
_2rdamedia
338 _azväzok
_bnc
_2rdacarrier
500 _aPreložené z angličtiny
655 7 _aamerické romány
_2SNKPH
655 7 _adetektívne romány
_2SNKPH
655 7 _aAmerican fiction
_2SNKPHeng
655 7 _aDetective novels
_2SNKPHeng
700 1 _aKopecký, Milan,
_d1984-
_4trl
942 _2ddc
_cKLDO
_n0
999 _c22410
_d22410